| 000 | 00693nam a2200157 a 4500 | ||
|---|---|---|---|
| 008 | 121114s2008 ||||||||||||||||| || u | ||
| 050 | _aACU(05)I/2008/2 | ||
| 110 | _aAssociation of Commonwealth Universities [ACU] | ||
| 245 | 1 | 0 |
_aImpact: promoting communications in commonwealth universities _cby The Association of Commonwealth Universities [ACU] |
| 260 |
_aLondon: _bAssociation of Commonwealth Universities (ACU) _c2008 |
||
| 300 | _a11p.: ill. | ||
| 490 | _aImpact | ||
| 490 | _v2 | ||
| 650 | _aCOMMUNICATION NETWORKS--COMMONWEALTH UNIVERSITIES | ||
| 995 |
_FCBU-MAIN LIBRARY (Kitwe) _M1 _UAVAILABLE _WJan 2, 2013 _ZInternational Publications |
||
| 999 |
_c46405 _d46405 |
||